• 首页
  • 本馆介绍
  • 公告通知
  • 最新文献
  • 馆藏检索
  • 电子资源
  • 读者导购
  • 参考咨询
  • 我的图书馆
  • 登录
  • 详细信息显示
  • 放入我的书架
  • 预约/预借图书
  • 作者相关作品
  • 分类相关作品
  • 丛书相关作品
  • 出版社相关作品

书目信息

  • 表格格式
  • 工作单格式
  • 卡片格式
题名:
投入产出经济学
    
 
作者: leontief , 里昂惕夫 著 ;崔书香 译
分册:  
出版信息: 北京   商务印书馆  1980
页数: 308页
开本: 21cm
丛书名:
单 册:
中图分类: F223
科图分类:
主题词: 投入产出经济学
电子资源:
ISBN:
000 00791nam0 2200277 45
001 0180002740
005 20060818091657.67
010    @dCNY1.40
091    @aCN@b4017.215
100    @a19950621d1980 em y0chiy0121 ea
101 1  @achi@ceng
102    @aCN@b110000
105    @ay z 000yy
200 10 @a投入产出经济学@Atou ru chan chu jing ji xue@f(美)里昂惕夫(W. leontief)著@g崔书香译
210    @a北京@c商务印书馆@d1980
215    @a308页@d21cm
300    @a书名原文:Input-output economics
510 1  @aInput-out economics@zeng
606    @a投入产出经济学
690    @aF223@v3
701 A1 @aleontief@bW.@4著
701  1 @a里昂惕夫@Ali ang ti fu@bW.@4著
702  0 @a崔书香@Acui shu xiang@4译
801  2 @aCN@bNLC@c20060818
801  0 @aCN@bTSSF
905    @a10447@dF223@e188
    
    投入产出经济学/(美)里昂惕夫(W. leontief)著/崔书香译.-北京:商务印书馆,1980
    308页;21cm
    书名原文:Input-output economics
    
    ISBN :CNY1.40
    
●
相关链接 在E读中查询图书 在五车中查询图书 在当当中查询图书 在豆瓣中查询图书


正题名:投入产出经济学     索取号:F223/188         预约/预借

序号 登录号 条形码 馆藏地/架位号 状态 备注
1 0465606   204656069   密集书库/ [索取号:F223/188] 在馆    
唐山师范学院图书馆 欢迎您!
大连网信软件有限公司© 版权所有